LEADER 01476nam a2200289 u 4500 001 000000000876 003 CaOOAMICUS 005 20070226104241.0 008 940513s1977 it u000 u mul u 035 $a10018672 040 $aPUL$bita 041 0 $aita$adui 110 2 $aSocietà internazionale di studi francescani.$bConvegno internazionale$n(4 :$d1976 :$cAssisi).$0(OLS)http://pul/name/996 245 10$aFrancesco d'Assisi e francescanesimo dal 1216 al 1226 :$batti del IV Convegno Internazionale (Assisi, 15-17 ottobre 1976) /$cSocietà internazionale di studi francescani. 260 $aAssisi :$bTipografia Porziuncola,$c1977. 300 $a409 p. ;$c22 cm 490 1 $aS.I.S.F. Convegni ;$v4 600 04$aFranciscus Assisiensis,$cs.,$d1182-1226$vCongressi.$0(OLS)http://pul/subject/973 610 24$aFrancescani$xCongressi.$0(OLS)http://pul/subject/974 650 4$aFrancescanesimo$xCongressi.$0(OLS)http://pul/subject/975 830 0$aS.I.S.F. Convegni ;$v4.$0(OLS)http://pul/title/1281 850 $aPUL 852 $aPUL$W1$xDP1 Fondo Maccarrone$y58$m1521 B 22$j1121$n $b $qFondi$B1121$CPULBib$Z2$F1121 $H $81 941 1 $a1 961 $aINV: 5345 FONDO MACCARRONE 996 $6245$aFrancesco d'Assisi e francescanesimo dal 1216 al 1226 :$batti del IV Convegno Internazionale (Assisi, 15-17 ottobre 1976)$9(OLS)http://pul/title/1280 996 $6260$aAssisi :$bTipografia Porziuncola$9(OLS)http://pul/publisher/48396 LEADER 01335nam a2200301 u 4500 001 000000033982 003 CaOOAMICUS 005 20070226112425.0 008 971119s1970 it u000 u ita u 035 $a10776630 040 $aPUL$bita 041 1 $aita$hfre 100 1 $aBenoît, André.$0(OLS)http://pul/name/9566 240 10$aActualité des Pères de l'Église.$lItaliano.$0(OLS)http://pul/title/46839 245 10$aAttualità dei padri della Chiesa /$cAndré Benoit. 246 34$aAttualità dei padri apostolici :$bla patristica come liberazione dalle ipoteche della falsa teologia 260 $aBologna :$bIl Mulino,$cc1970. 300 $a113 p. ;$c24 cm 490 1 $aSaggi ;$v106 650 4$aPadri della Chiesa.$0(OLS)http://pul/subject/533 830 0$aSaggi (Il Mulino) ;$v106.$0(OLS)http://pul/title/7843 850 $aPUL 852 $aPUL$W1$xSL Religione 1$y3$m22 C 20$j46627$nBK-PRI$b $qStampati$B46627$CPULBib$Z2$F46627 $H $81 941 1 $a8 961 $aINV: 35880 996 $6245$aAttualità dei padri della Chiesa$9(OLS)http://pul/title/46840 996 $6246$aAttualità dei padri apostolici :$bla patristica come liberazione dalle ipoteche della falsa teologia$9(OLS)http://pul/title/46841 996 $6260$aBologna :$bIl Mulino$9(OLS)http://pul/publisher/47928